| 000 -LEADER |
| fixed length control field |
02091nam a22001577a 4500 |
| 008 - FIXED-LENGTH DATA ELEMENTS--GENERAL INFORMATION |
| fixed length control field |
230914b ||||| |||| 00| 0 eng d |
| 100 ## - MAIN ENTRY--PERSONAL NAME |
| Personal name |
Park, Kiduk |
| 245 ## - TITLE STATEMENT |
| Title |
Social capital and residential satisfaction in south Korea: A comparative study of communities in Seoul, Yeoju and Gwacheon |
| 260 ## - PUBLICATION, DISTRIBUTION, ETC. (IMPRINT) |
| Place of publication, distribution, etc |
Environment and Urbanization in Asia |
| 300 ## - PHYSICAL DESCRIPTION |
| Extent |
11(1), Mar, 2020: p.140-154 |
| 520 ## - SUMMARY, ETC. |
| Summary, etc |
Research suggests that social capital has positive influences on the improvement of quality of life (livability) and the creation of wealth. Some Western scholars have been interested in traditional social capital as an important element of modernization and rapid economic development in East Asian countries. This study compares and contrasts elements of social capital and residential satisfaction across three different residential communities in South Korea, namely apartment estates (Seoul and Gwacheon) and a rural village (Yeoju). Two major questions are posed: first, what differences exist in terms of the perception of the level of social capital and the reputation of the area within the different neighbourhood contexts? Second, what is the relationship between residential satisfaction and the perception of social capital? Using the results from 487 heads of households surveyed, this study assesses commonly recognized elements of each community, which includes social capital, social mix and residential satisfaction in the communities. The study findings suggest that three factors—norms, trust and networks—contribute equally to the case study areas. Also, ageing population and duration of residence were relevant to the development of neighbourhood-based social capital and residential satisfaction, and these factors need to be carefully considered by housing policy makers, social planners and others involved in implementing human settlements policies. – Reproduced |
| 650 ## - SUBJECT ADDED ENTRY--TOPICAL TERM |
| Topical term or geographic name as entry element |
Social capital, Residential satisfaction, Livability, Social mix. |
| 9 (RLIN) |
40543 |
| 773 ## - HOST ITEM ENTRY |
| Main entry heading |
Environment and Urbanization ASIA |
| 906 ## - LOCAL DATA ELEMENT F, LDF (RLIN) |
| Subject DIP |
URBAN DEVELOPMENT |
| 942 ## - ADDED ENTRY ELEMENTS (KOHA) |
| Item type |
Articles |